Fe cristiana y sociedad moderna 13 (Record no. 284254)

000 -CABECERA
Campo de control de longitud fija 00566nam a22001817u 4500
008 - CÓDIGOS DE INFORMACIÓN DE LONGITUD FIJA
Campo de control de longitud fija 130405s1986 xxu||||| |||| 00| 0 spa d
041 ## - CÓDIGO DE LENGUA
Código de lengua del texto/banda sonora o título independiente spa
001 - NÚMERO DE CONTROL
Campo de control 44200
100 1# - PUNTO DE ACCESO PRINCIPAL-NOMBRE DE PERSONA
Nombre de persona Pesch, Otto Hermann
9 (RLIN) 10234
245 00 - MENCIÓN DE TÍTULO
Título Fe cristiana y sociedad moderna 13
Mención de responsabilidad, etc. Otto Hermann Pesch, Francisco Alvarez Bolado, Antonio Beristain
260 ## - PUBLICACIÓN, DISTRIBUCIÓN, ETC... (PIE DE IMPRENTA)
Lugar de publicación, distribución, etc. Madrid:
Nombre del editor, distribuidor, etc. SM,
Fecha de publicación, distribución, etc. 1986
300 ## - DESCRIPCIÓN FÍSICA
Extensión 288 p.
Dimensiones ;21 cm.
500 ## - NOTA GENERAL
Nota general Ley y gracia. Paz. Castigo y perdón.
650 04 - PUNTO DE ACCESO ADICIONAL DE MATERIA-TÉRMINO DE MATERIA
Término de materia o nombre geográfico como elemento inicial Dogma
9 (RLIN) 13557
700 1# - PUNTO DE ACCESO ADICIONAL-NOMBRE DE PERSONA
Nombre de persona Alvarez Bolado, Francisco
9 (RLIN) 43217
700 1# - PUNTO DE ACCESO ADICIONAL-NOMBRE DE PERSONA
Nombre de persona Beristain, Antonio
9 (RLIN) 3873
942 ## - ENTRADA DE ELEMENTOS AGREGADOS (KOHA)
Koha [por defecto] tipo de item Libros
Holdings
Suprimido Perdido Estropeado No para préstamo Localización permanente Localización actual Localización en estantería Fecha adquisición Préstamos totales Signatura completa Número de Registro / Código de Barras Fecha última consulta Fecha del precio de reemplazo Tipo de item de Koha
        San Esteban San Esteban Depósito de libros 21/05/2013   230 FECRI moder 13 44200 21/05/2013 21/05/2013 Libros

Bibliotecas Dominicos Provincia Hispania, 2016

Con tecnología Koha